Sports Quiz

Random Sports or NBA Quiz
Score 0/150 Timer 10:00
0 Plays Today
Answer % Correct
Trae Young
96.7%
Tristan Thompson
93.4%
Klay Thompson
93.4%
Kwame Brown
92.3%
Aaron Nesmith
90.1%
Jim Jackson
90.1%
Steph Curry
90.1%
Jaren Jackson
90.1%
Josh Jackson
90.1%
Luka Doncic
89%
Lonzo Ball
89%
Coby White
87.9%
Wendell Carter
87.9%
Collin Sexton
86.8%
Isaac Okoro
85.7%
Brandon Ingram
85.7%
Romeo Langford
84.6%
Jayson Tatum
84.6%
Zion Williamson
84.6%
Damian Lillard
83.5%
Jamal Murray
82.4%
Stanley Johnson
81.3%
Cameron Johnson
81.3%
Terrence Williams
80.2%
Michael Porter
80.2%
Andre Drummond
80.2%
Jerome Robinson
80.2%
Ja Morant
80.2%
David Robinson
80.2%
Deni Avdija
80.2%
Onyeka Okongwu
79.1%
Tyler Herro
79.1%
Ben Simmons
79.1%
Cam Reddish
78%
Brook Lopez
78%
Donovan Mitchell
78%
CJ McCollum
78%
Marcus Smart
76.9%
Ben Gordon
76.9%
Karl-Anthony Towns
76.9%
Kevin Durant
76.9%
Ed Davis
74.7%
John Wall
74.7%
Jaxson Hayes
73.6%
Myles Turner
73.6%
Miles Bridges
73.6%
Blake Griffin
73.6%
D'Angelo Russell
73.6%
De'Andre Hunter
73.6%
Mikal Bridges
73.6%
Answer % Correct
Evan Turner
73.6%
De'Aaron Fox
73.6%
Malik Monk
72.5%
Obi Toppin
71.4%
Markelle Fultz
71.4%
DeAndre Ayton
71.4%
Tim Duncan
71.4%
Bradley Beal
71.4%
Yao Ming
70.3%
Paul George
70.3%
James Harden
70.3%
Andrew Bynum
69.2%
Kevin Knox
69.2%
LaMarcus Aldridge
68.1%
Anthony Bennett
68.1%
Lauri Markkanen
68.1%
Buddy Hield
68.1%
Jahlil Okafor
68.1%
Harrison Barnes
67%
Darius Garland
65.9%
Mo Bamba
65.9%
Jabari Parker
64.8%
RJ Barrett
64.8%
Jarrett Culver
64.8%
Kenny Anderson
63.7%
Carmelo Anthony
63.7%
Bam Adebayo
63.7%
Frank Ntilikina
63.7%
Devin Vassell
63.7%
Derrick Favors
62.6%
LaMelo Ball
62.6%
Brandon Jennings
62.6%
Marvin Bagley
62.6%
Michael Kidd-Gilchrist
61.5%
Kris Dunn
61.5%
Steven Adams
61.5%
Luke Kennard
60.4%
DeMar DeRozan
59.3%
Justise Winslow
58.2%
Jordan Hill
58.2%
Nick Collison
58.2%
Jonathan Isaac
58.2%
Killian Hayes
57.1%
Greg Monroe
57.1%
Thon Maker
57.1%
Frank Kaminsky
52.7%
Anthony Edwards
52.7%
Jalen Smith
52.7%
Fred Jones
50.5%
Victor Oladipo
50.5%
Answer % Correct
Greg Oden
50.5%
Dante Exum
50.5%
Jason Terry
49.5%
Tim Thomas
49.5%
Etan Thomas
49.5%
Enes Kanter
49.5%
Michael Beasley
48.4%
Nerlens Noel
47.3%
Meyers Leonard
47.3%
Terrence Ross
47.3%
Marcus Morris
46.2%
Jamal Mashburn
45.1%
Sean Elliott
45.1%
Damon Stoudamire
45.1%
Jakob Poeltl
45.1%
Zach Collins
44%
Patrick Williams
42.9%
Jeremy Lamb
42.9%
Al-Farouq Aminu
42.9%
Hasheem Thabeet
42.9%
Rui Hachimura
40.7%
PJ Washington
39.6%
Alec Burks
39.6%
Shane Battier
38.5%
Ben McLemore
38.5%
James Wiseman
37.4%
Cameron Payne
37.4%
Mario Hezonja
36.3%
Trey Lyles
36.3%
Anthony Randolph
35.2%
Joe Alexander
35.2%
Kira Lewis
35.2%
Kelly Olynyk
30.8%
Tyrese Haliburton
27.5%
Tyler Hansbrough
24.2%
Jimmer Fredette
23.1%
Julian Wright
23.1%
Kendall Marshall
23.1%
Taurean Prince
23.1%
Domantas Sabonis
22%
Shaun Livingston
20.9%
Patrick Patterson
18.7%
Nikoloz Tskitishvili
17.6%
John Lucas
17.6%
Jerryd Bayless
9.9%
Xavier Henry
8.8%
Khalid Reeves
6.6%
Brandon Rush
6.6%
Jerome Moiso
5.5%
Johnny Dawkins
3.3%
Remove Ads.
Support Sporcle.
Get the best of Sporcle when you Go Orange. This ad-free experience offers more features, more stats, and more fun while also helping to support Sporcle. Thank you for becoming a member.

You're not logged in!

Compare scores with friends on all Sporcle quizzes.
OR
Log In

Show Comments

Extras

Created Dec 12, 2018ReportNominate
Tags:NBA Quiz, 1st Round, NBA Draft

Top Quizzes Today


Score Distribution

Your Account Isn't Verified!

In order to create a playlist on Sporcle, you need to verify the email address you used during registration. Go to your Sporcle Settings to finish the process.

Report this User

Report this user for behavior that violates our Community Guidelines.

Details: